Statistics for Famous Faces #2

Click here to take the quiz!

General Stats

  • This quiz has been taken 112 times
  • The average score is 10 of 15

Answer Stats

Hint Famous Face % Correct
The first man to walk on the moonNeil Armstrong
96%
Fictional MI6 agent, codename '007'James Bond
92%
Campaigned for black civil rights in the 50's and 60's, and gave the famous 'I Have a Dream' speechMartin Luther King, Jr.
82%
First black president of South AfricaNelson Mandela
81%
British fictional detective who is often seen smoking a pipeSherlock Holmes
79%
Author who wrote 'Oliver Twist' and 'Great Expectations'Charles Dickens
78%
Inventor of the lightbulbThomas Edison
76%
Former main presenter of Top GearJeremy Clarkson
68%
German composer of 'Fur Elise' and 'Moonlight Sonata'Ludvig van Beethoven
66%
British wildlife documentary presenter who narrated 'Blue Planet' and 'Frozen Planet'David Attenborough
60%
Mayor of LondonBoris Johnson
59%
US President who ordered the atomic bombs to be dropped on Japan in 1945Harry Truman
52%
President of FranceFran├žois Hollande
27%
Man in Greek mythology who killed Medusa and founded MycenaePerseus
27%
Invented the first steam locomotiveGeorge Stephenson
25%

Score Distribution

Percentile by Number Answered

Percent of People with Each Score

Your Score History

You have not taken this quiz